000 00519nam a2200181Ia 4500
001 7842
005 20260306160525.0
008 260306t2013||||xx |||||||||||||| ||spa||
041 _aESP
082 _a362.8292
_bM28
100 _aMateos Inchaurrondo, Ainoa
_eAUT
245 0 _aPrograma gener@- T:
_bprograma socioeducativo para la prevención de la violencia de género en parejas adolescentes
260 _c2013
300 _a237 páginas :
_c23 cm.
650 _aGEN
654 _aCED
942 _cLIB
_dJUS
_fJUS
_2ddc
_n
999 _c7842
_d7842